Normal view
MARC view
Entry Personal Name
001 - CONTROL NUMBER
- control field: 167515
003 - CONTROL NUMBER IDENTIFIER
- control field: OSt
005 - DATE AND TIME OF LATEST TRANSACTION
- control field: 20220923223610.0
008 - FIXED-LENGTH DATA ELEMENTS
- fixed length control field: 220923|| aca||aabn | a|a d
040 ## - CATALOGING SOURCE
- Original cataloging agency: OSt
- Transcribing agency: OSt
100 ## - HEADING--PERSONAL NAME
- Personal name: विवेकानन्द; तिवारी, द्वारका नाथ, अनु
670 ## - SOURCE DATA FOUND
- Source citation: Work cat.: (OSt)366358: विवेकानन्द; तिवारी, द्वारका नाथ, अनु., जाति सस्ंकृति और समाजवाद, 1974
